Datum a čas kvízu
22.5
Celkem bodů
Celkový počet nahraných bodů na tomto kvízu bez doplňovacích otázek.
18.
Pořadí na kvízu
Konečné umístění týmu na tomto kvízu.
Zaznamenané odpovědi
| # | Otázka | Odpověď | Body | Výsledky |
|---|---|---|---|---|
| 1. | Která česká politická strana p... | ODS | 1 | |
| 2. | Několika desítkám jedinců jist... | o lachtanech | 0 | |
| 3. | V Městském divadle v Jablonci... | DPS Vrabčáci | 1 | |
| 4. | Europoslanci vyslyšeli volání... | množství vypuštěných emisí | 0 | |
| 5. | Fotbalisté Slavie Praha po blá... | Feyenoord Rotterdam | 0 | |
| 6. | Největší českou brankářskou le... | v Pardubicích | 1 | |
| 7. | Gólman je klíčovou součástí i... | B) Irsko | 0 | |
| 8. | Napište jméno jednoho z nejlep... | Martin Galia | 0 | |
| 9. | Český reprezentační florbalový... | Lukáš Bauer | 0 | |
| 10. | Za který národní tým chytá fot... | za Slovinsko | 0 |